000
00342nam a2200145Ia 4500
005
20250402211918.0
008
240331s9999 xx 000 0 und d
020
_a
9551022017
082
_b
SIV
_a
894
100
_a
Sivakumaran, B
245
0
_a
Maram vaithavan
260
_a
Colombo
_b
Meera Pathippagam
_c
2006
300
_a
169 p .,
942
_c
L
999
_c
3884
_d
3884